ជំងឺ និងវិធីព្យាបាលសត្វចង្រៃ និងវិធានការកំចាត់លើដំណាំកៅស៊ូ (Record no. 153)
[ view plain ]
| 000 -LEADER | |
|---|---|
| fixed length control field | 00539nam a22001577a 4500 |
| 003 - CONTROL NUMBER IDENTIFIER | |
| control field | OSt |
| 005 - DATE AND TIME OF LATEST TRANSACTION | |
| control field | 20150908163956.0 |
| 008 - FIXED-LENGTH DATA ELEMENTS--GENERAL INFORMATION | |
| fixed length control field | 150908b xxu||||| |||| 00| 0 eng d |
| 040 ## - CATALOGING SOURCE | |
| Transcribing agency | RUA |
| 082 ## - DEWEY DECIMAL CLASSIFICATION NUMBER | |
| Classification number | AGR ឡេង 1993 B006 Or.1 |
| 100 ## - MAIN ENTRY--PERSONAL NAME | |
| 9 (RLIN) | 172 |
| Personal name | ឡេង ប៉ូ |
| 245 ## - TITLE STATEMENT | |
| Title | ជំងឺ និងវិធីព្យាបាលសត្វចង្រៃ និងវិធានការកំចាត់លើដំណាំកៅស៊ូ |
| 260 ## - PUBLICATION, DISTRIBUTION, ETC. (IMPRINT) | |
| Place of publication, distribution, etc. | Phnom Penh |
| Name of publisher, distributor, etc. | RUA |
| Date of publication, distribution, etc. | 1993 |
| 300 ## - PHYSICAL DESCRIPTION | |
| Extent | 74p. |
| Other physical details | ill. |
| Dimensions | 29cm. |
| 942 ## - ADDED ENTRY ELEMENTS (KOHA) | |
| Source of classification or shelving scheme | |
| Koha item type | AGR |
| Price effective from | Date last seen | Permanent Location | Not for loan | Date acquired | Source of classification or shelving scheme | Koha item type | Lost status | Withdrawn status | Date last checked out | Total Checkouts | Shelving location | Damaged status | Barcode | Current Location | Full call number |
|---|---|---|---|---|---|---|---|---|---|---|---|---|---|---|---|
| 2015-09-08 | 2017-08-22 | Library Block B | 2015-09-08 | AGR | 2017-02-06 | 1 | B006 | RUA003814 | Library Block B | AGR ឡេង 1993 B006 Or.1 | |||||
| 2015-09-08 | 2017-10-31 | Library Block B | 2015-09-08 | AGR | 2017-10-25 | 1 | B006 | RUA003812 | Library Block B | AGR ឡេង 1993 B006 Or.2 | |||||
| 2015-09-08 | 2023-12-25 | Library Block B | 2015-09-08 | AGR | 2023-12-07 | 1 | B006 | RUA003669 | Library Block B | AGR ឡេង 1993 B006 Or.3 | |||||
| 2015-09-08 | 2015-09-08 | Library Block B | 2015-09-08 | AGR | B006 | RUA003811 | Library Block B | AGR ឡេង 1993 B006 Or.4 | |||||||
| 2015-09-08 | 2015-09-08 | Library Block B | 2015-09-08 | AGR | B006 | RUA003816 | Library Block B | AGR ឡេង 1993 B006 Or.5 | |||||||
| 2016-01-26 | 2016-01-26 | Library Block B | 2016-01-26 | AGR | RUA035211 | Library Block B | AGR ឡេង 1993 B006 Or.6 | ||||||||
| 2016-12-28 | 2016-12-28 | Library Block B | 2016-12-28 | AGR | A05772 | Library Block B | AGR ឡេង 1993 B006 Or.7 | ||||||||
| 2025-07-23 | 2025-10-27 | Library Block B | 2025-07-23 | AGR | 2025-10-18 | 1 | B006 | A084504 | Library Block B | AGR ឡេង 1993 B006 Or.1 |